Los derechos laborales en el tratado de libre comercio entre Chile y Estados Unidos
Uloženo v:
| Hlavní autor: | |
|---|---|
| Médium: | Kniha |
| Jazyk: | španělština angličtina |
| Vydáno: |
Santiago
Oxfam
2004
|
| Témata: | |
| Tagy: |
Přidat tag
Žádné tagy, Buďte první, kdo vytvoří štítek k tomuto záznamu!
|
MARC
| LEADER | 00000nam a2200000 a 4500 | ||
|---|---|---|---|
| 001 | UCK2082 | ||
| 003 | CL-VaPUC | ||
| 008 | 041217e20040000CL |||||||||||||||||spa|d | ||
| 020 | |a 9568359036 | ||
| 041 | 0 | 7 | |a spa |2 CL-VaPUC |
| 041 | 0 | 7 | |a eng |2 CL-VaPUC |
| 082 | 0 | 4 | |a 344.01 |b LOP |2 21 |
| 100 | |a López Fernández, Diego |e autor |9 580861 | ||
| 245 | 1 | 4 | |a Los derechos laborales en el tratado de libre comercio entre Chile y Estados Unidos |
| 246 | 1 | 0 | |a Labour rights in the free trade agreement between Chile and the United States |
| 300 | |a 85 p | ||
| 942 | |c BK | ||
| 945 | |d 20041217 00:00:00 |a cmena | ||
| 260 | |a Santiago |b Oxfam |c 2004 | ||
| 650 | 7 | |a DERECHO LABORAL |2 CL-VaPUC |9 15 | |
| 650 | 0 | |a Tratados internacionales |9 256056 | |
| 650 | 0 | |a Contratos |9 255153 | |
| 651 | 7 | |a CHILE |2 CL-VaPUC |9 489912 | |
| 651 | 0 | |a Estados Unidos |9 255178 | |
| 583 | |a last modification |c 20041217 00:00:00 |k Rodrigo Vera | ||
| 999 | |c 311742 |d 311740 | ||
| 952 | |0 0 |1 0 |4 0 |6 344_010000000000000_LOP_2004 |7 0 |8 A |9 381359 |a BIBGIM |b BIBGIM |d 2019-11-21 |i 4086481 |o 344.01 LOP 2004 |p 4086481 |r 2025-01-15 |w 2019-11-21 |y BK |k GIM | ||